[Event "Bagsvard GSF 75 Years-D"]
[Site "Bagsvard"]
[Date "2008.05.20"]
[Round "5"]
[White "Golmohammady, Reza"]
[Black "Kozielski, Miroslaw"]
[Result "0-1"]
[WhiteElo "1405"]
[BlackElo "1500"]
[PlyCount "62"]
[EventDate "2008.04.15"]
[EventType "swiss"]
[EventRounds "7"]
[EventCountry "DEN"]
[SourceTitle "EXT 2023"]
[Source "ChessBase"]
[SourceDate "2022.10.05"]
[SourceVersion "1"]
[SourceVersionDate "2022.10.05"]
[SourceQuality "1"]

1. e4 c6 2. d4 d5 3. e5 Bf5 4. Nf3 e6 5. Be2 c5 6. c3 Nc6 7. 0-0 Qb6 8. b3 Bg4 9. Be3 cxd4 10. cxd4 Nge7 11. a4 Bxf3 12. Bxf3 Nf5 13. Be2 a6 14. Nd2 Nfxd4 15. Nf3 Nxf3+ 16. Bxf3 Qc7 17. Bf4 Nxe5 18. Kh1 Bd6 19. Rc1 Qd7 20. Bxe5 Bxe5 21. Re1 Bf6 22. Bxd5 0-0 23. Be4 Qxd1 24. Rexd1 Rab8 25. Rd7 b6 26. g3 a5 27. Rcc7 Be5 28. Ra7 Rfd8 29. Rxf7 Rd4 30. Bc6 Rc8 31. Bd7 Rc1+ 0-1

[Event "Bagsvard GSF 75 Years-D"]
[Site "Bagsvard"]
[Date "2008.04.29"]
[Round "3"]
[White "Golmohammady, Reza"]
[Black "Zmylon, Frederik Nielsen"]
[Result "0-1"]
[WhiteElo "1405"]
[BlackElo "1284"]
[PlyCount "112"]
[EventDate "2008.04.15"]
[EventType "swiss"]
[EventRounds "7"]
[EventCountry "DEN"]
[SourceTitle "EXT 2023"]
[Source "ChessBase"]
[SourceDate "2022.10.05"]
[SourceVersion "1"]
[SourceVersionDate "2022.10.05"]
[SourceQuality "1"]

1. e4 c5 2. Nc3 Nc6 3. Nf3 d6 4. Be2 Nf6 5. d3 Bg4 6. h3 Bh5 7. 0-0 e6 8. Bg5 Be7 9. b3 h6 10. Be3 0-0 11. Nh2 Bxe2 12. Nxe2 d5 13. exd5 Nxd5 14. c3 Nxe3 15. fxe3 Qd7 16. Qc2 Bg5 17. e4 Rfd8 18. Rad1 Rac8 19. Nf3 Be3+ 20. Kh1 b5 21. Neg1 b4 22. c4 Bxg1 23. Kxg1 Nd4 24. Qf2 Nxf3+ 25. Qxf3 Qd4+ 26. Kh1 Rc7 27. Rf2 Rcd7 28. e5 Qxe5 29. Rdf1 f6 30. Rd2 Qc3 31. Rfd1 e5 32. Qf2 Qd4 33. Qf5 Rd6 34. Re2 Qf4 35. Qxf4 exf4 36. Re7 R6d7 37. Rxd7 Rxd7 38. Rd2 Kf7 39. Kg1 Ke6 40. Kf2 g5 41. Kf3 Kf5 42. g4+ fxg3 43. Kxg3 h5 44. Rf2+ Kg6 45. Rd2 h4+ 46. Kg2 f5 47. d4 Rxd4 48. Re2 Kf6 49. Rf2 f4 50. Kf3 Kf5 51. Kg2 Rd3 52. Kh2 Ke4 53. Rc2 Ke3 54. Kg2 Rd2+ 55. Rxd2 Kxd2 56. Kf3 Kd3 0-1